000 00419nam a22001697a 4500
003 MACL
005 20160203161652.0
008 160203b xxu||||| |||| 00| 0 eng d
040 _cMACL
041 _aEnglish
082 _a300/KUM
100 _aKumar N
_936717
245 _aDisaster Management Through Panchayati Raj
260 _aNew Delhi
_bMohit Publications
_c2010
650 _aSocial
_936718
942 _2ddc
_cBK
999 _c53127
_d53127